00562nam a2200193Ia 4500003000400000005001700004008004100021020003000062040001300092082002100105100002400126245009300150250001100243260003000254300001700284650002400301650002500325700001800350IIN20240118152835.0231217s9999 xx 000 0 und d cRs.1115.00a9788131248980 aIINbEng a610.73 bWIL1 aWilliams, Patricia 1 aDewit's Fundamental Concepts and Skills for Nursing cPatricia Williams and Susan Dewit a5th ed bElsevieraNew Delhic2018 axxiv, 874 p.1 aFoundationvNursing1 aFundamentalvNursing1 aDewit, Susan